000
00301nam a22001337a 4500
008
181006b xxu||||| |||| 00| 0 eng d
020
_a
9780195100853
041
_a
eng
080
_a
159.9
100
_a
49
101
_a
PSI
245
_a
Models of Visuospatial Cognition
_c
Vega, M
942
_2
udc
_c
BK
999
_c
48937
_d
48937